[Event "Hamburg HSK"]
[Site "Hamburg"]
[Date "2011.01.07"]
[Round "7.4"]
[White "Berger, Steve"]
[Black "Rogozenco, Dorian"]
[Result "0-1"]
[WhiteElo "2427"]
[BlackElo "2534"]
[Annotator "Albers,A"]
[PlyCount "116"]
[EventDate "2011.01.02"]
[EventType "tourn"]
[EventRounds "9"]
[EventCountry "GER"]
[EventCategory "7"]
[SourceTitle "CBM 140 Extra"]
[Source "ChessBase"]
[SourceDate "2011.03.01"]
[SourceVersion "1"]
[SourceVersionDate "2011.03.01"]
[SourceQuality "1"]

1. e4 c5 2. Nc3 e6 3. Nf3 Nc6 4. d4 cxd4 5. Nxd4 Nf6 6. g3 d5 7. exd5 Nxd5 8.
Bg2 Ndb4 9. Nxc6 Qxd1+ 10. Kxd1 bxc6 11. a3 Nd5 12. Ne4 Ba6 13. Nd2 Bc5 14. c4
Ne7 15. b4 Bxf2 16. b5 Bb7 17. Rb1 Bb6 18. Bb2 O-O 19. Ke2 Rad8 20. Nb3 Ba8 21.
c5 Bc7 {[#]} 22. a4 $6 {mag der Rechner gar nicht.} (22. Nd4 {und die Lage
scheint einigermaßen ausgeglichen zu sein.}) 22... cxb5 $1 23. Bxa8 bxa4 24.
Be4 axb3 25. Ba3 Rd4 26. Ke3 Ra4 27. Rxb3 f5 28. Bd3 f4+ 29. Kd2 fxg3 30. hxg3
h6 31. c6 Rf2+ 32. Ke3 Rf7 33. Bxe7 Rxe7 34. Rh4 Rxh4 35. gxh4 {ach wie schön
wäre es, wenn Karsten Müller da wäre und sinnvolle Sachen zu diesem Endspiel
sagen könnte. Mein Rechner sagt nur plump: "="! Aber so einfach ist die Sache
sicher nicht.[#]} g5 36. hxg5 hxg5 37. Kf3 Bf4 38. Ba6 Kf7 39. Bc8 Rc7 40. Bd7
a5 41. Ra3 Ra7 42. Ra4 Ke7 43. Re4 e5 44. Ra4 Kd6 45. Rc4 Kc7 46. Ra4 Ra8 47.
Ke4 Kd6 48. Kd3 Bg3 49. Bf5 Kxc6 50. Kc4 Kb6 51. Ra1 a4 52. Ra3 Rf8 53. Be4 Rd8
54. Bd5 Rc8+ 55. Kb4 Be1+ 56. Kxa4 Kc5 57. Bg2 Kd4 58. Ra1 Bd2 0-1

[Event "BIH-chT"]
[Site "Neum"]
[Date "2000.08.26"]
[Round "2"]
[White "Terzic, Safet"]
[Black "Atalik, Suat"]
[Result "0-1"]
[WhiteElo "2305"]
[BlackElo "2549"]
[Annotator "Atalik,S"]
[PlyCount "102"]
[EventDate "2000.08.25"]
[EventType "team"]
[EventRounds "9"]
[EventCountry "BIH"]
[SourceTitle "EXT 2003"]
[Source "ChessBase"]
[SourceDate "2002.11.25"]
[SourceVersion "1"]
[SourceVersionDate "2002.11.25"]
[SourceQuality "1"]

1. Nf3 e6 2. d4 c5 3. e4 cxd4 4. Nxd4 Nc6 5. Be2 Nf6 6. Nc3 Bb4 7. Nxc6 (7. O-O
Bxc3 8. bxc3 Nxe4 9. Bf3 $13) 7... bxc6 8. e5 $2 (8. Qd3 $142 O-O 9. e5 Nd5 10.
O-O d6) 8... Ne4 9. Qd4 (9. Bd2 Bxc3) 9... Qa5 10. Qxe4 $2 (10. a3 Bxc3+ 11.
bxc3 Nxc3 12. Bd3 Nd5+ 13. Bd2 Qb6 14. Qe4 Ba6 15. c4 Qb2 16. Rc1 Qxa3 17. O-O
$44) 10... Bxc3+ 11. Kf1 Qxe5 (11... Bxe5 $142) 12. Qxe5 Bxe5 $19 13. c3 a5 14.
Ke1 (14. a4 Ba6) 14... a4 15. Kd2 Ba6 16. Bxa6 Rxa6 17. Kc2 d5 18. Be3 Kd7 19.
g4 h5 (19... g6 $5) 20. f4 Bd6 21. h3 c5 22. Rag1 hxg4 23. hxg4 Raa8 24. Rh5
Rxh5 (24... g6 25. Rhh1 c4 26. a3 Kc6 $19) 25. gxh5 Bf8 26. Rg5 f5 $1 (26...
Rc8 27. f5 exf5 (27... e5 $2 28. f6 gxf6 29. Rg8 Be7 30. Rxc8 Kxc8 31. Bh6 $18)
28. Rxf5 Ke6) 27. Rg6 Rc8 28. Bf2 Ke7 29. Rg1 Kf7 30. b3 Ra8 31. Kb2 Bd6 32.
Be3 axb3 33. axb3 Rh8 34. Rh1 Kf6 35. Kc2 Rh6 36. b4 $1 cxb4 37. Bd4+ (37. cxb4
Bxb4 38. Bd4+ Kf7 39. Rb1 Bd6 40. Rb7+ Ke8 $19) 37... Kf7 38. cxb4 Bxf4 $2 (
38... Bxb4 39. Rb1 Bd6 40. Rb7+ Ke8 $19) 39. b5 e5 40. Bc5 (40. Ba7 Ke6 41. b6
Be3) 40... Rh8 41. Kb3 Rc8 42. Ba7 e4 43. Rf1 Bb8 44. Bd4 $1 f4 45. Rg1 Rg8 46.
Rg5 e3 47. Kc2 e2 48. Kd2 Re8 49. Rxg7+ (49. Ke1 Bd6 $19) 49... Kf8 50. Rg1 f3
(50... Bd6 $2 51. h6 Bb4+ 52. Kd3 e1=Q 53. Rxe1 Bxe1 54. h7 $11) 51. Ke1 $2 (
51. Bf2 Bf4+ (51... Re5 52. Rh1 (52. h6 Rh5 53. Ke3 Ba7+ 54. Kxf3 Rf5+ 55. Kxe2
Rxf2+ $19) (52. Rg6 Kf7 53. Rb6 Re8 $19) 52... Bd6 53. b6 (53. h6 Bb4+ 54. Kd3
e1=Q 55. Bxe1 Rxe1 $19) 53... Bb4+ 54. Kd3 Re7 (54... e1=Q $4 55. Bxe1 Bxe1 56.
b7 Re8 57. Rxe1 Rb8 58. Rb1 $18) 55. h6 Kg8 56. h7+ Rxh7 57. Rxh7 Kxh7 58. b7
Bd6 59. Ke3 $11) 52. Kd3 d4 $1 53. Rb1 (53. Rg6 Kf7 54. Bh4 e1=Q 55. Rf6+ Kg7
56. Rg6+ Kh7 57. Bxe1 Rxe1 58. Rf6 Re3+ 59. Kxd4 Ra3 60. Kc5 Ra4 $19) (53. Kxd4
Bd2 54. Kd3 e1=Q 55. Bxe1 Bxe1 56. h6 f2 57. Rf1 Re6) 53... Be3 54. Bg3 Kg7 55.
b6 Bf4 56. Be1 Kh6 57. Rb5 Be3 $19) 51... Bd6 (51... Bd6 52. h6 Bb4+ 53. Kf2
e1=Q+ 54. Rxe1 Bxe1+ 55. Kxf3 Kg8 $19) 0-1

[Event "RUS-ch 54th"]
[Site "Elista"]
[Date "2001.05.01"]
[Round "2"]
[White "Timofeev, Artyom"]
[Black "Pridorozhni, Aleksei"]
[Result "1-0"]
[WhiteElo "2522"]
[BlackElo "2352"]
[Annotator "Atlas,V"]
[PlyCount "75"]
[EventDate "2001.04.29"]
[EventType "swiss"]
[EventRounds "9"]
[EventCountry "RUS"]
[SourceTitle "CBM 083"]
[Source "ChessBase"]
[SourceDate "2001.07.05"]
[SourceVersion "1"]
[SourceVersionDate "2001.07.05"]
[SourceQuality "1"]

1. e4 c5 2. Nf3 Nc6 3. Nc3 e6 4. d4 cxd4 5. Nxd4 Nf6 6. Nxc6 bxc6 7. e5 Nd5 8.
Ne4 Bb7 9. Be2 c5 10. O-O Qc7 11. Nd6+ Bxd6 12. exd6 Qc6 13. f3 O-O 14. c4 Nb6
15. Qd2 a5 16. b3 Nc8 17. Ba3 Nxd6 18. Rad1 Ra6 19. Rfe1 Qc7 20. Qf4 f6 21. Rd2
e5 22. Qg4 Bc8 23. Red1 Nf7 24. Rxd7 Bxd7 25. Rxd7 Qc8 26. Rd5 Rc6 27. Qh4 Ng5
28. Bd3 g6 29. Bc1 Ne6 30. Bh6 Rf7 31. Qg4 Qe8 32. Bf5 Rfc7 33. h4 Kf7 34. Bb1
Nd4 35. h5 f5 36. Qh4 Rd7 37. Bg5 Ke6 $4 ({Black's intention to evacuate his
king from a dangerous zone is understandable, but this untimely king's
centralization is a fatal mistake. Instead,} 37... Kg8 {was to be preferred.})
{[%tqu "En","King centralization turns out to be a fatal mistake in this
position. How can you punish Black for his careless king move?","Try to bring
your queen into action.","Open the e-file!","d5e5","Excellent! This elegant
sacrifice wins on the spot.",6]} 38. Rxe5+ {[%csl Re6,Re8][%cal Gh4e1,Ge1e8,
Gg5f4]} (38. Rxe5+ {, and Black resigned in view of an inevitable checkmate:}
Kxe5 39. Qe1+ Kd6 (39... Ne2+ 40. Qxe2+ Kd4 41. Qb2#) 40. Bf4+) 1-0

[Event "Olympiad-32"]
[Site "Yerevan"]
[Date "1996.09.17"]
[Round "2.1"]
[White "Atlas, Valeri"]
[Black "Lautier, Joel"]
[Result "0-1"]
[WhiteElo "2470"]
[BlackElo "2620"]
[Annotator "Atlas,V"]
[PlyCount "79"]
[EventDate "1996.09.15"]
[EventType "team-swiss"]
[EventRounds "14"]
[EventCountry "ARM"]
[SourceTitle "CBM 055"]
[Source "ChessBase"]
[SourceDate "1996.12.01"]
[SourceVersion "1"]
[SourceVersionDate "1996.12.01"]
[SourceQuality "1"]
[WhiteTeam "Liechtenstein"]
[BlackTeam "France"]
[WhiteTeamCountry "LIE"]
[BlackTeamCountry "FRA"]

1. e4 c5 2. Nf3 e6 3. d4 cxd4 4. Nxd4 Nf6 5. Nc3 Nc6 6. g3 Qb6 7. Nb3 Bb4 8.
Be3 Qd8 9. Bd2 d5 10. exd5 Nxd5 11. Ne4 O-O 12. Bg2 b6 13. O-O $5 $146 (13. c4
Ba6 14. a3 $6 Bxd2+ 15. Nbxd2 Ne5 $1 16. Qa4 Nd3+ 17. Ke2 f5 $17 {0-1 Atlas,
V-Sermek,D/Ptuj zt (01) ;CBM 47 1995 (45)}) 13... Ba6 14. Re1 Rc8 15. Rc1 {/\c4
} Be7 (15... Bc4 16. Bxb4 Ncxb4 17. a3 Nc6 18. Nbd2 $14) 16. h4 $1 (16. a3 $6
Bc4) 16... h6 (16... Ne5 17. Nc3 $1 $14) 17. Nc3 (17. c4 $2 Ndb4 $17) 17... Bf6
$5 (17... Nf6 $10) (17... Ncb4 18. Qh5 $5 (18. Nxd5 Nxd5 19. Qg4 $2 Rc4 $17)
18... Nxc3 (18... Nf6 19. Qf3 $10) 19. Bxc3 Nxa2 20. Ra1 Nxc3 (20... Nb4 $2 21.
Red1) 21. Rxa6 Nd5 22. Rxa7 $14) 18. Nxd5 exd5 19. Qg4 (19. Rb1 d4 $15) 19...
Kh8 (19... Bxb2 $6 20. Bxh6 $40) 20. Bc3 $1 Bxc3 21. bxc3 Bc4 22. Qf4 $6 (22.
Re3 Qf6 23. Rce1 $14 {<->e}) (22. Rcd1 $6 Qf6 $15) 22... Qc7 $1 23. Qf5 (23.
Qxc7 Rxc7 24. Re3 $10) 23... Rce8 (23... Ne7 $5 24. Qe5 Qxe5 25. Rxe5 Nc6 26.
Re3 $10) 24. Nd4 (24. Bxd5 $4 Ne7 25. Rxe7 Rxe7 26. Be4 g6 $19) 24... Nxd4 25.
cxd4 Rxe1+ 26. Rxe1 Bxa2 27. Bxd5 (27. Ra1 Bc4 (27... Qc4 $2 28. Bf1 Qa4 29.
Bd3 $18) 28. Bxd5 $10) 27... Bxd5 28. Qxd5 Qxc2 29. Qd6 $1 Rc8 (29... Kg8 30.
Ra1 $10) 30. Qd7 Kg8 $2 $138 (30... a5 $2 31. d5 a4 32. d6 a3 33. Qxf7 a2 34.
d7 Rd8 35. Qe8+ $18) (30... Rc7 $142 $1 31. Qd8+ (31. Qe8+ Kh7 32. d5 Qd2 33.
Qe4+ (33. Qe5 g6) 33... g6) (31. Qd5 Qc6 $17) 31... Kh7 32. h5 $1 (32. d5 $2
Qd2 33. Re8 (33. Rf1 Rc5 $19) 33... Rc2 $19) (32. Re8 Qd1+ 33. Kg2 (33. Kh2 Rc1
34. Qd5 Qg1+ $19) 33... Rc1 34. Rh8+ Kg6 $19) 32... Rc8 (32... Qd2 $4 33. Re8
$18) 33. Qd7 Qc7 34. Qf5+ Kg8 35. Re7 Qxe7 36. Qxc8+ Kh7 37. Qc2+ g6 38. hxg6+
fxg6 39. d5 $10) 31. d5 $1 $18 {[#]} a5 32. d6 Kh7 (32... a4 33. Qe7 (33. Re8+
Rxe8 34. Qxe8+ Kh7 35. d7 Qd1+ 36. Kg2 Qd5+ 37. f3 $18)) 33. Qxf7 (33. Qe7 Qd2
34. d7 Rd8 $1 $10) 33... Rd8 34. Re7 $4 $138 (34. d7 $1 Qg6 (34... Qc6 35. Re8
$18 (35. Re7 Qg6 36. Qe8 $18)) 35. Qe8 Qf6 36. Re7 $18) 34... Qg6 $19 35. Qxg6+
Kxg6 36. h5+ Kf6 37. Rb7 Rxd6 38. Rc7 Rd1+ 39. Kg2 Rd6 40. Kf3 0-1

[Event "GER-ch 73th"]
[Site "Altenkirchen"]
[Date "2001.11.30"]
[Round "1"]
[White "Mueller, Karsten"]
[Black "Knuth, Hannes"]
[Result "1-0"]
[WhiteElo "2503"]
[BlackElo "2313"]
[Annotator "Atlas,V"]
[PlyCount "77"]
[EventDate "2001.11.30"]
[EventType "swiss"]
[EventRounds "9"]
[EventCountry "GER"]
[SourceTitle "CBM 087"]
[Source "ChessBase"]
[SourceDate "2002.03.21"]
[SourceVersion "1"]
[SourceVersionDate "2002.03.21"]
[SourceQuality "1"]

1. e4 c5 2. Nf3 Nc6 3. d4 cxd4 4. Nxd4 Nf6 5. Nc3 e6 6. Nxc6 bxc6 7. Bd3 e5 8.
O-O Be7 9. f4 d6 10. Kh1 Nd7 11. Qg4 Bf6 12. f5 h6 13. Be3 Bg5 14. Bg1 h5 15.
Qe2 h4 16. Rad1 Nf6 17. Bc4 Nh5 18. Bf2 Qf6 19. Qd3 Rh6 20. Ba6 Ng3+ 21. Bxg3
hxg3 22. h3 Bf4 23. Bxc8 Rxc8 24. Ne2 g5 25. fxg6 Rxg6 26. Nxf4 exf4 {[%tqu
"En","How would you continue here?","Open files for your heavy artillery!",
"Use the shaky position of the c8-rook.","e4e5","After this crasning move
White has good winning perspective.",4]} 27. e5 $1 {[%csl Rc8,Re8][%cal Gd1d7,
Gf1e1,Ge1e8] This is a very nice blow, which immediately puts Black on the
defensive.} Qg5 (27... Qxe5 {fails to} 28. Rfe1) (27... dxe5 {loses after} 28.
Qd7+) 28. exd6 {With the strong passed d6-pawn, White has durable advantage.}
Rd8 29. d7+ Kf8 30. Qf3 $6 (30. Qa3+ Kg8 31. Qxa7 {was sufficient for win. The
text move yiedls Black counterchances.}) 30... Re6 31. Rd4 Re3 32. Qd1 Qe5 33.
Rdxf4 Rxd7 34. Qxd7 Qxf4 35. Qd1 Qf2 $4 {A terrible blunder, after which White
wins on the spot} 36. Rxf2 gxf2 37. Kh2 Re1 38. Qd8+ Re8 39. Qf6 1-0

[Event "EU-Cup 23rd"]
[Site "Kemer"]
[Date "2007.10.08"]
[Round "6.3"]
[White "Sutovsky, Emil"]
[Black "Carlsen, Magnus"]
[Result "1-0"]
[WhiteElo "2656"]
[BlackElo "2714"]
[Annotator "Avrukh,B"]
[PlyCount "115"]
[EventDate "2007.10.03"]
[EventType "team-swiss"]
[EventRounds "7"]
[EventCountry "TUR"]
[SourceTitle "CBM 121"]
[Source "ChessBase"]
[SourceDate "2007.11.14"]
[SourceVersion "1"]
[SourceVersionDate "2007.11.14"]
[SourceQuality "1"]
[WhiteTeam "Ashdod"]
[BlackTeam "Baden-Baden"]
[WhiteTeamCountry "ISR"]
[BlackTeamCountry "GER"]

1. e4 c5 2. Nf3 Nc6 3. Nc3 e6 4. d4 cxd4 5. Nxd4 Nf6 6. Nxc6 bxc6 7. e5 Nd5 8.
Ne4 Bb7 9. Be2 c5 10. O-O Qc7 11. c4 $5 {Relatively speaking, a rare
continuation.} ({Much more popular is} 11. Nd6+) 11... Ne3 $1 {Definitely the
best reaction.} ({Very dangerous for Black} 11... Qxe5 12. cxd5 Qxe4 13. Bf3
$44) 12. Nd6+ {This is the idea behind White's 11th move.} ({Black has nothing
to worry about after} 12. Bxe3 Bxe4 $11) 12... Bxd6 13. exd6 Qc6 14. Bf3 Nxd1
15. Bxc6 Bxc6 16. Rxd1 {After a series of forced moves a very interesting
endgame has arisen. I don't believe Black has a serious problems to hold this
endgame. On the other hand White can play without any risk and it's Black who
requires to show an accurate defence.} Rb8 $146 {A new try, which seems to me
sufficient for the draw as well.} ({I believe the natural} 16... O-O 17. Be3
Rfc8 {is Black's best defence in this position} 18. Rd3 (18. Rac1 Rab8 19. Rd2
Be4 20. f3 Bg6 21. Rc3 Rb6 {and Black held quite easily in Shirov-Kramnik 2000}
) 18... a5 (18... Bb7 $5) 19. Rb3 a4 20. Rb6 Ra5 21. Re1 f6 22. f3 Kf7 23. Kf2
e5 $11 {1/2-1/2 Murdzia,P-Lindinger,M/Hamburg 2003/CBM 096 ext (32)}) 17. Rd3
a5 (17... O-O 18. Ra3 Rb7 19. Ra5 $16) 18. Rg3 Kf8 $4 {An incredible blunder
for a player of Magnus' level. Black simply loses the game in 1 move.} ({
Black should have played} 18... g6 {and I haven't manage to find a way for
White to pose Black serious problems, despite the weakening of the dark
squares,} 19. b3 (19. Bh6 Rg8 20. Bd2 a4 21. Bc3 f5 $11) (19. Rb3 O-O) (19. Bg5
f5 20. Bf6 O-O 21. Bc3 a4 $11) 19... O-O 20. Ba3 Rfc8 21. Re1 a4 22. Bxc5 axb3
23. axb3 Bxg2 24. b4 Bb7 25. Ra3 Ra8 26. Rea1 e5 {and Black holds.}) 19. Rb3 $1
$18 {Strangely enough White is winning after this move , since Black loses one
of his pawns on the queenside.} Rxb3 (19... Rc8 20. Be3 a4 21. Rb6 f6 22. Bxc5
Kf7 23. Be3 $18) 20. axb3 f6 21. Rxa5 Kf7 22. Be3 (22. Rxc5 $4 Ra8 $19) 22...
Rb8 ({The rook exchange doesn't help Black} 22... Ra8 23. Rxa8 Bxa8 24. f3 e5
25. Bxc5 Ke6 26. Kf2 g5 27. b4 f5 28. b5 f4 29. b6 e4 30. b4 h5 31. b5 $18 {
with an easy win.}) 23. Ra3 Be4 (23... e5 24. Bxc5 Ke6 25. b4 $18) 24. Bxc5 Bd3
25. Ba7 ({Things are not so easy after the natural} 25. f3 e5 26. Kf2 Ke6 27.
Ke3 Bf1 28. g3 (28. g4 f5 29. Ba7 Rb7 30. gxf5+ Kxf5 31. Kf2 Bd3 $16) 28... g5
29. Kd2 (29. Ba7 Rb7) 29... h5 30. Ba7 (30. Kc3 Be2 31. b4 Bxf3) 30... Rb7 31.
Ke1 Bd3 {and it's not so clear how White is going to improve his position.})
25... Rb4 ({White wins nicely after} 25... Rb7 26. c5 Rb5 (26... Be4 27. Bb6
$18) 27. f3 e5 28. b4 Bf5 29. Ra4 $1 (29. c6 dxc6 30. Bc5 Bd7 31. Ra8 {might
be not enough}) 29... Ke6 30. Bb6 Bc2 31. Ra7 Rxb4 32. c6 Rxb6 33. c7 Rc6 34.
Ra8 $18) 26. Bc5 Rb8 27. Ra7 {Finally Emil finds a very nice tactical solution.
} Ke8 28. Ba3 e5 ({Another important line runs} 28... Rxb3 29. Ra8+ Kf7 30. Rd8
Rb7 31. Rc8 $1 {[%cal Gc8c7]} (31. c5 Be4) 31... Be4 (31... e5 32. Rc7 (32. f3
Bf5 33. Rc7 Rb8 34. c5 $16) 32... Be4 33. f3 Rxc7 34. dxc7 Bb7 35. Bd6 Ke6 36.
c5 $18) 32. f3 (32. Rc7) 32... Bc6 33. b4 Ra7 34. b5 Bxb5 35. cxb5 Rxa3 36. Rc7
e5 37. Rxd7+ Ke6 38. Rxg7 Kxd6 39. Rxh7 Rb3 40. Rb7 $18) 29. f3 Rxb3 30. c5 $1
$18 Bb5 (30... Rb8 31. c6 dxc6 32. Rxg7 $18) 31. Rb7 Bc4 32. c6 $1 dxc6 33. d7+
Kd8 34. Bb4 $1 {The deciisve blow.} Rxb4 35. Rxb4 Bb5 36. f4 $6 {A small
inaccuracy ,which slightly complicates the matters.} ({White could have won on
the spot after} 36. Rb3 $142 Kxd7 37. Ra3 Ke7 38. Ra7+ Kf8 39. Rc7 $18) 36...
Kxd7 37. fxe5 fxe5 38. Rb3 $1 {Transferring the rook to c3 , where it will
prevent Black from moving the B from b5.} Ke6 39. Rc3 h5 40. Kf2 h4 41. Kf3 Kf5
42. Ke3 g6 43. Rc5 g5 44. b3 {Now Black's position is hopeless.} Bf1 45. Rc2
Bb5 46. Rc1 (46. Rf2+ Ke6 47. Rf8 $18) 46... g4 47. g3 (47. Ra1 $18) 47... hxg3
48. hxg3 Ke6 49. Ke4 {The rest is quite easy.} Kd6 50. Rd1+ Kc5 51. Re1 Kb4 52.
Re3 Bf1 53. Kxe5 Bg2 54. Rd3 Bf3 55. Kd6 Kb5 56. Rd4 Be2 57. Re4 Bf3 58. Rc4
1-0

[Event "St Petersburg zt"]
[Site "St Petersburg"]
[Date "1993.??.??"]
[Round "3"]
[White "Tiviakov, Sergei"]
[Black "Sorokin, Maxim"]
[Result "1-0"]
[WhiteElo "2575"]
[BlackElo "2490"]
[Annotator "Belov,I"]
[PlyCount "67"]
[EventDate "1993.01.??"]
[EventType "swiss"]
[EventRounds "9"]
[EventCountry "RUS"]
[SourceTitle "CBM 034"]
[Source "ChessBase"]
[SourceDate "1993.06.01"]
[SourceVersion "1"]
[SourceVersionDate "1993.06.01"]
[SourceQuality "1"]

1. e4 c5 2. Nf3 Nc6 3. d4 cxd4 4. Nxd4 Nf6 5. Nc3 e6 6. Ndb5 Bb4 7. a3 Bxc3+ 8.
Nxc3 d5 9. exd5 exd5 10. Bd3 O-O (10... d4 11. Qe2+ Be6 12. Ne4 Nxe4 13. Qxe4
Qd5 14. Qxd5 Bxd5 15. Bf4 O-O 16. O-O $14 {Fernandez Garcia-Illescas/Pamplona/
1991-92/}) 11. O-O d4 (11... Bg4 12. f3 Bh5 $5 13. Bg5 Qb6+ 14. Kh1 Ne4 15.
Nxe4 dxe4 16. Bxe4 Qxb2 17. Qb1 $1 Qxb1 18. Rfxb1 f5 19. Bd3 b6 20. Rb5 $1 $16
{Ehlvest,J-Romero Holmes/Logrono/1991/}) 12. Ne2 (12. Ne4 Bf5 13. Bg5 Bxe4 14.
Bxe4 h6 15. Bxf6 Qxf6 16. Re1 Rad8 17. Qf3 Qxf3 18. Bxf3 d3 $14 {Aseev-Sorokin/
St.Peterburg zt/1993/}) 12... Qd5 (12... Re8 13. b4 Bg4 14. f3 Bh5 15. Bb2 a6
16. Rf2 Ne5 17. Bxd4 Nxd3 18. Qxd3 Bg6 19. Qd2 $16 {Yudasin,L-Sorokin/Moskva/
1992/}) (12... h6 13. b4 $5 a6 14. Bb2 Kh8 15. Qd2 {Petrushin-Bangiev/
Simferopol/1989/} Qd6 $14) (12... Bg4 13. f3 Bh5 14. Bg5 Qd6 15. Qe1 $16 {
Mokry,K-Stein/Gausdal/1988/}) 13. Nf4 $5 (13. b4 Rd8 14. Bb2 Bf5 15. Nf4 {
Ioseliani,N-Chiburdanidze,M/Telavi (m/8)/1988/} Qd7 $10) (13. c4 dxc3 14. Nxc3
Qa5 15. Bd2 (15. Bf4 Bg4 16. Qb1 h6 17. h3 Be6 18. Nb5 {Dolmatov,S-Nikolaev/
Moskva/1992/} Bf5 $1 $14) 15... Rd8 16. Nb5 Qa6 17. Qc2 Ne5 18. Be2 Bg4 19. Bc3
$14 {Dvojris-Maljutin/URS-ch/1991/}) (13. Bf4 Bf5 $10) (13. Ng3 Ne5 $10) 13...
Qd6 14. Nh5 Nxh5 (14... Bd7 15. Bf4 $14) 15. Qxh5 h6 16. Re1 $14 Bd7 17. Qh4
Rae8 18. Bf4 Qd5 19. Qg3 Re6 $6 (19... Kh8 $142 {/\ Bf5}) 20. Rxe6 Qxe6 21. Bd2
Qe5 (21... Re8 22. h3 (22. Re1 $6 Qxe1+ 23. Bxe1 Rxe1+ 24. Bf1 Rc1 $13) 22...
Qe5 $14) 22. Re1 Qxg3 23. hxg3 $16 Re8 $6 (23... Be6 $142 {/\ Rd8+/-}) 24.
Rxe8+ Bxe8 25. f4 Bd7 26. Kf2 Kf8 27. Be4 Ke7 $6 (27... Be6 $142 28. b3 Ke7 29.
Ke2 f5 30. Bf3 Kd6 31. Bb4+ $1 $16) 28. Ke2 Kd6 29. Kd3 b6 30. Bb4+ $1 $18 Ke6
(30... Nxb4+ 31. axb4 {/\ Kd4+-}) 31. Bf3 f5 32. Kc4 a5 33. Bd5+ $1 Kf6 34. Bd6
{/\ 35.Bc7 b5 36.Kc5+-} 1-0

[Event "Hoogovens"]
[Site "Wijk aan Zee"]
[Date "1992.01.??"]
[Round "11"]
[White "Romero Holmes, Alfonso"]
[Black "Nunn, John DM"]
[Result "1/2-1/2"]
[WhiteElo "2490"]
[BlackElo "2615"]
[Annotator "Blatny,P"]
[PlyCount "83"]
[EventDate "1992.01.??"]
[EventType "tourn"]
[EventRounds "13"]
[EventCountry "NED"]
[EventCategory "14"]
[SourceTitle "CBM 028"]
[Source "ChessBase"]
[SourceDate "1992.06.01"]
[SourceVersion "1"]
[SourceVersionDate "1992.06.01"]
[SourceQuality "1"]

1. e4 c5 2. Nc3 Nc6 3. Nf3 e6 4. d4 cxd4 5. Nxd4 Nf6 6. Nxc6 bxc6 7. e5 Nd5 8.
Nxd5 cxd5 9. Bd3 d6 10. Bf4 Rb8 (10... Be7 11. Qg4 (11. Qh5 Ba6 $1 $10 {/\Qa5})
11... Kf8 12. O-O dxe5 13. Bxe5 f6 14. Qf3 g6 15. c4 Kg7 16. Bc3 Bb7 17. Rfe1
e5 (17... dxc4 18. Qxb7 cxd3 19. Rxe6 Kf7 20. Rxf6+ $18) 18. Rad1 $36 {
Kalinitschev-Dolmatov, USSR 1978}) 11. O-O Rxb2 (11... Rb4 12. Qf3 (12. Bg3
Rxb2 13. Qg4 h5 {/\h4}) 12... g5 13. Bg3 Bg7 14. exd6 $16 {
de_la_Villa_Garcia-Arencibia, Leon 1991}) 12. Qg4 (12. Qf3 g6 13. exd6 Bg7 14.
c4 $36) 12... g6 (12... h5 13. Qg3 $16) (12... g5 13. Bd2 $1 $16) 13. Bg5 Be7
14. Bxe7 Qxe7 (14... Kxe7 15. exd6+ Kxd6 16. Qd4 {/\c4}) 15. exd6 Qb7 (15...
Qf6 16. Qa4+ $18 {קa7}) (15... Qxd6 $4 16. Qd4 $18) 16. Ba6 $1 Qxa6 17. Qd4
O-O 18. Qxb2 Qxd6 19. Qd4 {/\c4} Ba6 20. Rfe1 Qc7 21. h4 {/\h5-h6 ->>>} h5 (
21... Qxc2 22. h5 $40) 22. Re3 (22. g4 $5 hxg4 (22... Qxc2 23. gxh5 {/\h6}) 23.
h5 g5 (23... gxh5 24. Re5 f6 25. Rxe6 Kg7 26. Qxd5) 24. Re5 (24. Qf6 Qd8) (24.
h6 $5) (24. Qxg4 Qf4) 24... Qe7 25. Qxg4 f5 $132) 22... Bc4 (22... Qxc2 23.
Qxa7 $18) 23. Rae1 (23. g4 hxg4 24. h5 gxh5 25. Re5 f6 26. Rxe6 Kg7 $13) (23.
a3 {/\Rae1,Rg3 ->>>}) 23... Bxa2 24. Ra3 Qxc2 25. Rxa7 Bc4 26. Rxe6 Qb1+ 27.
Kh2 Qb8+ $10 28. g3 (28. Kh3 Qc8 29. Rae7 Qxe6+ 30. Rxe6 fxe6 $10) 28... Qxa7
29. Rxg6+ fxg6 30. Qxa7 Bd3 31. Kg2 (31. f3 Be2) 31... Be4+ 32. Kf1 Rf3 33. Qe7
Kh8 34. Ke1 Kg8 35. Ke2 Kh8 36. Qg5 Kh7 37. Qe5 Kg8 38. Qe6+ Kg7 39. Qd7+ Kg8
40. Qe7 Kh8 41. Qg5 Kh7 42. g4 1/2-1/2